15 principales países con muertes de Covid-19 - 6 feb 2021 - Estadísticas

Estadísticas generales
  • Esta prueba ha sido intentada 8 veces
  • La puntuación promedio es 16 de 24
Estadísticas de respuestas
país % Correcto
Alemania
100%
España
100%
Estados Unidos
100%
India
100%
Italia
100%
Rusia
100%
Argentina
88%
Brasil
88%
Francia
88%
México
88%
Reino Unido
88%
Colombia
75%
Perú
75%
Irán
63%
Sudáfrica
63%
Bélgica
38%
Bulgaria
38%
Bosnia y Herzegovina
25%
Chequia
25%
Croacia
25%
Eslovenia
25%
Hungría
25%
Portugal
25%
Macedonia del Norte
13%
No se encontraron pruebas coincidentes
Distribución de puntuación
Porcentaje de gente con cada puntuación
Porcentaje por número respondido
Historial de tus puntuaciones
No has intentado esta prueba.